[Event "Stuttgart-chB int"]
[Site "Ditzingen"]
[Date "2013.05.11"]
[Round "5"]
[White "Ruehl, Volker"]
[Black "Baelz, Juergen"]
[Result "1/2-1/2"]
[WhiteElo "1817"]
[BlackElo "1833"]
[PlyCount "100"]
[EventDate "2013.05.09"]
[EventType "swiss"]
[EventRounds "7"]
[EventCountry "GER"]
[SourceTitle "EXT 2014"]
[Source "ChessBase"]
[SourceDate "2013.11.20"]
[SourceVersion "1"]
[SourceVersionDate "2013.11.20"]
[SourceQuality "1"]

1. e4 c6 2. d4 d5 3. f3 e6 4. c3 dxe4 5. Nd2 c5 6. Nxe4 cxd4 7. Bb5+ Bd7 8. Bg5 Qb6 9. Bxd7+ Nxd7 10. Qb3 dxc3 11. Qxb6 Nxb6 12. Nxc3 Be7 13. Bxe7 Kxe7 14. Nh3 Nf6 15. Kf2 Rhd8 16. Ke2 Rd7 17. Rhd1 Rad8 18. Rxd7+ Rxd7 19. Rd1 Rxd1 20. Nxd1 Nfd5 21. a3 e5 22. g3 f5 23. Kd3 a5 24. b3 h6 25. Nhf2 Kd6 26. Nb2 Kc5 27. Nfd1 Nf6 28. Nc3 g5 29. Nbd1 g4 30. Ne3 gxf3 31. Nxf5 e4+ 32. Nxe4+ Nxe4 33. Kxe4 f2 34. Ne3 Nd5 35. Nf1 a4 36. bxa4 Nc3+ 37. Ke3 Nb1 38. Kxf2 Nxa3 39. Nd2 Kb4 40. g4 Kxa4 41. h4 Nc2 42. g5 hxg5 43. hxg5 Nd4 44. g6 Ne6 45. Ne4 Kb4 46. Ke3 Kc4 47. Nd6+ Kd5 48. Nxb7 Ke5 49. Nd8 Kf6 50. Nxe6 Kxg6 1/2-1/2

[Event "Stuttgart-chB int"]
[Site "Ditzingen"]
[Date "2013.05.09"]
[Round "2"]
[White "Baelz, Juergen"]
[Black "Awiszus, Thomas"]
[Result "1-0"]
[WhiteElo "1833"]
[BlackElo "1613"]
[PlyCount "31"]
[EventDate "2013.05.09"]
[EventType "swiss"]
[EventRounds "7"]
[EventCountry "GER"]
[SourceTitle "EXT 2014"]
[Source "ChessBase"]
[SourceDate "2013.11.20"]
[SourceVersion "1"]
[SourceVersionDate "2013.11.20"]
[SourceQuality "1"]

1. d4 Nf6 2. c4 e6 3. g3 c6 4. Bg2 d5 5. Nf3 Be7 6. 0-0 0-0 7. b3 Nbd7 8. Bb2 Ne4 9. Nfd2 f5 10. f3 Nd6 11. Nc3 Bf6 12. e3 c5 13. dxc5 Nxc5 14. cxd5 exd5 15. Qc2 Qb6 16. Nxd5 1-0

[Event "Stuttgart-chB int"]
[Site "Ditzingen"]
[Date "2013.05.09"]
[Round "1"]
[White "Helmbrecht, Kurt"]
[Black "Baelz, Juergen"]
[Result "0-1"]
[WhiteElo "1657"]
[BlackElo "1833"]
[PlyCount "76"]
[EventDate "2013.05.09"]
[EventType "swiss"]
[EventRounds "7"]
[EventCountry "GER"]
[SourceTitle "EXT 2014"]
[Source "ChessBase"]
[SourceDate "2013.11.20"]
[SourceVersion "1"]
[SourceVersionDate "2013.11.20"]
[SourceQuality "1"]

1. e4 c6 2. Nf3 d5 3. exd5 cxd5 4. d4 Nc6 5. Be2 Bf5 6. c3 Nf6 7. 0-0 e6 8. Bg5 Be7 9. Nbd2 h6 10. Bh4 0-0 11. h3 a6 12. Re1 b5 13. a3 Qb6 14. Rf1 a5 15. Ne5 Ra7 16. Ndf3 Ne4 17. Nxc6 Qxc6 18. Bxe7 Rxe7 19. Ne5 Qb6 20. Nd3 Rd8 21. g4 Bh7 22. Kg2 f5 23. f3 Nd6 24. Re1 Rf8 25. b4 axb4 26. axb4 Nc4 27. Qb3 Ra7 28. Nc5 fxg4 29. hxg4 Bc2 30. Bxc4 Bxb3 31. Bxb3 Rxa1 32. Rxa1 Qd6 33. Nd3 Qc7 34. Rc1 Qe7 35. Ne5 Qg5 36. Rd1 Qe3 37. Rd3 Qc1 38. Nc6 Qb2+ 0-1

[Event "Stuttgart-chB int"]
[Site "Ditzingen"]
[Date "2009.05.24"]
[Round "7"]
[White "Baelz, Juergen"]
[Black "Maisch, Julian"]
[Result "1/2-1/2"]
[WhiteElo "1776"]
[BlackElo "1757"]
[PlyCount "84"]
[EventDate "2009.05.21"]
[EventType "swiss"]
[EventRounds "7"]
[EventCountry "GER"]
[SourceTitle "EXT 2018"]
[Source "ChessBase"]
[SourceDate "2017.10.13"]
[SourceVersion "1"]
[SourceVersionDate "2017.10.13"]
[SourceQuality "1"]

1. Nf3 Nf6 2. c4 g6 3. b4 Bg7 4. Bb2 0-0 5. g3 c6 6. Bg2 Qb6 7. Qb3 Ne4 8. 0-0 a5 9. Bxg7 Kxg7 10. Nc3 Nf6 11. b5 d6 12. d4 cxb5 13. Qxb5 Nbd7 14. Rab1 Qxb5 15. Rxb5 b6 16. Nd2 Rb8 17. Rfb1 Ba6 18. R5b2 Rfc8 19. Nb5 Bxb5 20. Rxb5 Kf8 21. e3 e6 22. h3 Ke7 23. f4 Ne8 24. Kf2 Nc7 25. R5b3 f5 26. R1b2 Ne8 27. Bf1 Nef6 28. Bd3 d5 29. cxd5 exd5 30. Bb5 Kd6 31. Ke2 Rc7 32. Bxd7 Nxd7 33. a4 Rbc8 34. Kd3 Rc1 35. Nf3 Ra1 36. Ne5 Rxa4 37. Nxd7 Kxd7 38. Rxb6 Ra3+ 39. R2b3 Rxb3+ 40. Rxb3 Kc6 41. Kc3 Rc7 42. Rb8 Rb7 1/2-1/2

[Event "Stuttgart-chB int"]
[Site "Ditzingen"]
[Date "2009.05.21"]
[Round "1"]
[White "Baelz, Juergen"]
[Black "Brittschock Schrall, Baerbel"]
[Result "1-0"]
[WhiteElo "1776"]
[BlackElo "1542"]
[PlyCount "77"]
[EventDate "2009.05.21"]
[EventType "swiss"]
[EventRounds "7"]
[EventCountry "GER"]
[SourceTitle "EXT 2018"]
[Source "ChessBase"]
[SourceDate "2017.10.13"]
[SourceVersion "1"]
[SourceVersionDate "2017.10.13"]
[SourceQuality "1"]

1. Nf3 Nf6 2. c4 d6 3. d4 Nbd7 4. Nc3 g6 5. g3 Bg7 6. Bg2 0-0 7. 0-0 c6 8. e3 Rb8 9. a4 b6 10. Bd2 Ba6 11. b3 d5 12. Re1 dxc4 13. Bf1 b5 14. axb5 Bb7 15. bxc6 Bxc6 16. bxc4 Bxf3 17. Qxf3 Qc7 18. Nb5 Qb6 19. Rxa7 Rfc8 20. Rea1 Qd8 21. Ba5 Qf8 22. Bc7 Nb6 23. Bxb8 Rxb8 24. Nc3 e6 25. Qc6 Qd8 26. c5 Nbd5 27. Nxd5 Nxd5 28. Ra8 Bf8 29. Rxb8 Qxb8 30. Ra8 Qc7 31. Qe8 Qe7 32. Qxe7 Nxe7 33. Bb5 Nd5 34. Rc8 Kg7 35. e4 Nc3 36. Bd3 g5 37. c6 f5 38. c7 fxe4 39. Bc4 1-0

[Event "Stuttgart-chB int"]
[Site "Ditzingen"]
[Date "2009.05.21"]
[Round "2"]
[White "Baumann, Michaela"]
[Black "Baelz, Juergen"]
[Result "0-1"]
[WhiteElo "1413"]
[BlackElo "1776"]
[PlyCount "86"]
[EventDate "2009.05.21"]
[EventType "swiss"]
[EventRounds "7"]
[EventCountry "GER"]
[SourceTitle "EXT 2018"]
[Source "ChessBase"]
[SourceDate "2017.10.13"]
[SourceVersion "1"]
[SourceVersionDate "2017.10.13"]
[SourceQuality "1"]

1. d4 Nf6 2. Nf3 b6 3. c4 e6 4. Nc3 Bb4 5. Bd2 0-0 6. e3 Bb7 7. a3 Be7 8. Be2 d6 9. b4 c5 10. bxc5 dxc5 11. 0-0 Nc6 12. Bc1 Na5 13. Bb2 Rc8 14. Ne5 cxd4 15. Qxd4 Qxd4 16. exd4 Ba6 17. c5 Bxe2 18. Nxe2 bxc5 19. dxc5 Bxc5 20. Bd4 Rfd8 21. Bxc5 Rxc5 22. Rfd1 Rcd5 23. Nc3 Rxd1+ 24. Rxd1 Rxd1+ 25. Nxd1 Nd5 26. Nb2 Kf8 27. Nbc4 Nxc4 28. Nxc4 Ne7 29. a4 Nc6 30. Kf1 Ke7 31. f3 e5 32. Kf2 f5 33. Ke3 Ke6 34. f4 e4 35. Na3 Kd5 36. Nb5 Kc5 37. h3 Kb4 38. Nd6 g6 39. g4 Ne7 40. Nb5 a5 41. Kd4 Kxa4 42. Nc3+ Kb4 43. gxf5 gxf5 0-1